|
|
|
|
| LEADER |
00000nam0a2200000 4500 |
| 001 |
105777 |
| 005 |
20231031114623.0 |
| 035 |
|
|
|a (RuTPU)RU\TPU\book\114137
|
| 090 |
|
|
|a 105777
|
| 100 |
|
|
|a 20061121d1958 km y0rusy50 ca
|
| 101 |
0 |
|
|a rus
|
| 102 |
|
|
|a RU
|
| 105 |
|
|
|a a z 000zy
|
| 200 |
1 |
|
|a Буровой агрегат ЗИФ-1200А
|f А. А. Турчук, П. С. Титов, Л. Н. Орлов
|
| 210 |
|
|
|a Москва
|c Госгеолтехиздат
|d 1958
|
| 215 |
|
|
|a 104 с.
|c ил.
|
| 610 |
1 |
|
|a агрегаты
|
| 610 |
1 |
|
|a буровые станки
|
| 610 |
1 |
|
|a гидросистемы
|
| 610 |
1 |
|
|a управление
|
| 610 |
1 |
|
|a наблюдения
|
| 610 |
1 |
|
|a остановка
|
| 610 |
1 |
|
|a уход
|
| 610 |
1 |
|
|a смазка
|
| 610 |
1 |
|
|a разборка
|
| 610 |
1 |
|
|a станки
|
| 610 |
1 |
|
|a сборка
|
| 610 |
1 |
|
|a монтаж
|
| 675 |
|
|
|a 662.24.05
|v 3
|
| 700 |
|
1 |
|a Турчук
|b А. А.
|g Анатолий Артемьевич
|
| 701 |
|
1 |
|a Титов
|b П. С.
|
| 701 |
|
1 |
|a Орлов
|b Л. Н.
|
| 801 |
|
1 |
|a RU
|b 63413507
|c 20061121
|g PSBO
|
| 801 |
|
2 |
|a RU
|b 63413507
|c 20101201
|g PSBO
|
| 942 |
|
|
|c BK
|